书目信息 |
| 书名: | Comrade Mao Tse-tung on "Imperia-lism and allreactionaries are paper tigers" | |
| 作者: | Renmin Ribo (People's Daily) Editorjal Dept. (0ctober 27, 1958) | |
| 分册号: | ||
| 分册名: | 出版地: | Peking : |
|
| 出版社: | Foreign Languages Press | |
| 出版时间: | 1958. | |
| 页数: | 31 p. + | |
| 开本: | ||
| 丛书名: | ||
| 中图分类号: | ||
| 科图分类号: | ||
| 其他分类号: | A841 | |
| 主题词: | ||
| 电子资源: | ||
| 000 | 00749nam 2200193 a 4500 | |
| 001 | E0754469141 | |
| 005 | 20070726151127.32 | |
| 008 | 070604s1958 cc 000 0 eng | |
| 040 | @aCcBjTSG | |
| 043 | @aa-cc--- | |
| 090 | @aF303 | |
| 090 | @aA841 | |
| 096 | @aF303 | |
| 099 | @dA841@ex27 | |
| 245 | 00 | @aComrade Mao Tse-tung on "Imperia-lism and allreactionaries are paper tigers" / @cRenmin Ribo (People's Daily) Editorjal Dept. (0ctober 27, 1958) |
| 260 | @aPeking :@bForeign Languages Press,@c1958. | |
| 300 | @a31 p. +@e20. | |
| 500 | @a"毛泽东同志论帝国主义和一切反动派都是纸老虎". | |
| 700 | 1 | @aMao Tse-tung, @d1893- @b01 @c20070604 @lNLC09 @h1014 @b01 @c20070604 @lNLC09 @h1413 @b01 @c20070609 @lNLC09 @h1529 @b01 @c20070725 @lNLC09 @h1703 |
| Comrade Mao Tse-tung on "Imperia-lism and allreactionaries are paper tigers" / / Renmin Ribo (People's Daily) Editorjal Dept. (0ctober 27, 1958).-Peking : : Foreign Languages Press, , 1958. |
| 31 p. + + 20. |
| "毛泽东同志论帝国主义和一切反动派都是纸老虎". |
| ISBN |
| ● |
| 相关链接 |
|
|
|
|
正题名:Comrade Mao Tse-tung on "Imperia-lism and allreactionaries are paper tigers
索取号:A841/x27
 
预约/预借
| 序号 | 登录号 | 条形码 | 馆藏地/架位号 | 状态 | 备注 |
| 1 | 14077 | 300140773 | 第二样本阅览室/ [索取号:A841/x27] | 在馆 | |
| 2 | 14078 | 300140782 | 密集书库/ [索取号:A841/x27] | 在馆 |